Normal view
MARC view
- Evans,James R/David A.Collier
Entry Personal Name
001 - CONTROL NUMBER
- control field: 1856
003 - CONTROL NUMBER IDENTIFIER
- control field: JO-AjAnu
005 - DATE AND TIME OF LATEST TRANSACTION
- control field: 20230606070616.0
008 - FIXED-LENGTH DATA ELEMENTS
- fixed length control field: 230606|| aca||aabn | a|a d
040 ## - CATALOGING SOURCE
- Original cataloging agency: JO-AjAnu
- Transcribing agency: JO-AjAnu
100 ## - HEADING--PERSONAL NAME
- Personal name: Evans,James R/David A.Collier
670 ## - SOURCE DATA FOUND
- Source citation: Work cat.: (JO-AjAnu)978: Evans,James R/David A.Collier, author, OPERATIONS MANAGEMENT:An Integrated Goods and Services Approach